Personnage de Clem - Statistiques

Statistiques générales
  • Ce quiz a été pris 966 fois
  • Le résultat moyen est 8 sur 15
Statistiques - réponses
Hint Réponse % Correct
1 Clémentine Boissier
99%
7 Caroline Boissier
88%
6 Salomé Boissier
87%
8 Jean-Paul Boissier
82%
4 Marie France Brimont
77%
9 Julien Brimont
76%
5 Valentin Brimont
73%
3 Michel Brimont
72%
2 Adrien Moron
30%
12 Victoire Brimont
29%
10 Emma Thevenet
27%
13 Mathieu Colina
9%
11 Alyzée Berthier
8%
14 Izia Colina
8%
15 Nathalie
8%
Aucun quiz correspondant
Distribution des résultats
% des personnes avec chaque résultat
Percentile par nombre de réponses
Votre historique - résultats
Vous n’avez pas pris ce quiz